| 000 -LEADER |
| fixed length control field |
02632cam a22003738a 4500 |
| 001 - CONTROL NUMBER |
| control field |
768469762 |
| 003 - CONTROL NUMBER IDENTIFIER |
| control field |
OCoLC |
| 005 - DATE AND TIME OF LATEST TRANSACTION |
| control field |
20210408063713.0 |
| 008 - FIXED-LENGTH DATA ELEMENTS--GENERAL INFORMATION |
| fixed length control field |
111212s2013 pau b 001 0 eng |
| 010 ## - LIBRARY OF CONGRESS CONTROL NUMBER |
| LC control number |
2011051080 |
| 016 7# - NATIONAL BIBLIOGRAPHIC AGENCY CONTROL NUMBER |
| Record control number |
101574389 |
| Source |
DNLM |
| 020 ## - INTERNATIONAL STANDARD BOOK NUMBER |
| International Standard Book Number |
9780781784955 |
| 020 ## - INTERNATIONAL STANDARD BOOK NUMBER |
| International Standard Book Number |
0781784956 |
| 035 ## - SYSTEM CONTROL NUMBER |
| System control number |
(OCoLC)768469762 |
| 040 ## - CATALOGING SOURCE |
| Original cataloging agency |
DNLM/DLC |
| Language of cataloging |
eng |
| Transcribing agency |
DLC |
| Modifying agency |
NLM |
| 042 ## - AUTHENTICATION CODE |
| Authentication code |
pcc |
| 049 ## - LOCAL HOLDINGS (OCLC) |
| Holding library |
YYEA |
| 080 ## - UNIVERSAL DECIMAL CLASSIFICATION NUMBER |
| Universal Decimal Classification number |
617 |
| Item number |
E-80 |
| 096 ## - LOCALLY ASSIGNED NLM-TYPE CALL NUMBER (OCLC) |
| Classification number |
WO 100 E783 2013 |
| 100 ## - MAIN ENTRY--PERSONAL NAME |
| 9 (RLIN) |
104 |
| Personal name |
Lawrence, F. Peter |
| Relator term |
Editor |
| 245 00 - TITLE STATEMENT |
| Title |
Essentials of general surgery / |
| Statement of responsibility, etc. |
[edited by] Peter F. Lawrence. |
| 250 ## - EDITION STATEMENT |
| Edition statement |
5th ed. |
| 260 ## - PUBLICATION, DISTRIBUTION, ETC. |
| Place of publication, distribution, etc. |
Philadelphia, PA : |
| Name of publisher, distributor, etc. |
Wolters Kluwer Health/Lippincott Williams & Wilkins, |
| Date of publication, distribution, etc. |
c2013. |
| 300 ## - PHYSICAL DESCRIPTION |
| Extent |
xx, 586 p. : |
| Other physical details |
ill. (some col.) ; |
| Dimensions |
28 cm. |
| 365 ## - TRADE PRICE |
| Price amount |
19.02 usd |
| 504 ## - BIBLIOGRAPHY, ETC. NOTE |
| Bibliography, etc. note |
Includes bibliographical references and index. |
| 505 0# - FORMATTED CONTENTS NOTE |
| Formatted contents note |
Perioperative management of surgical patients / Virginia A. Eddy ... [et al.] -- Fluids, electrolytes, and acid/base balance / David Antonenko ... [et al.] -- Nutrition / Bruce V. MacFadyen Jr. ... [et al.] -- Surgical bleeding : bleeding disorders, hypercoagulable states, and replacement therapy in the surgical patient / Hollis W. Merrick III ... [et al.] -- Shock : cell metabolic failure in critical illness / Kenneth W. Burchard ... [et al.] -- Surgical critical care / Samuel A. Tisherman ... [et al.] -- Wounds and wound healing / Glenn E. Talboy Jr., Annesley W. Copeland, Gregory J. Gallina -- Surgical infections / R. Neal Garrison ... [et al.] -- Trauma / Matthew O. Dolich ... [et al.] -- Burns / Jeffrey R. Saffle ... [et al.] -- Abdominal wall, including hernia / Leigh Neumayer ... [et al.] -- Esophagus / Carlos Li -- Stomach and duodenum / John Paige ... [et al.] -- Small intestine and appendix / John D. Mellinger ... [et al.] -- Colon, rectum, and anus / Merril T. Dayton -- Biliary tract -- O. Joe Hines ... [et al.] -- Pancreas / Steven B. Goldin ... [et al.] -- Liver / William C. Chapman ... [et al.] -- Breast / Gary L. Dunnington .. [et al.] -- Surgical endocrinology / Nicholas P.W. Coe ... [et al.] -- Spleen / James C. Hebert ... [et al.] -- Diseases of the vascular system / James F. McKinsey ... [et al.] -- Transplantation / Hilary Sanfey ... [et al.] -- Surgical oncology : malignant diseases of the skin, the lymphatics, and soft tissue / Scott Lind, Chris de Gara, James Warneke. |
| 590 ## - LOCAL NOTE (RLIN) |
| Local note |
c.1 10063924 Ritt 11/9/12 $65.00. |
| 650 #2 - SUBJECT ADDED ENTRY--TOPICAL TERM |
| Topical term or geographic name entry element |
Surgical Procedures, Operative. |
| 653 ## - INDEX TERM--UNCONTROLLED |
| Uncontrolled term |
ქირურგია |
| 700 1# - ADDED ENTRY--PERSONAL NAME |
| Personal name |
Lawrence, Peter F. |
| 700 ## - ADDED ENTRY--PERSONAL NAME |
| Personal name |
Bell, M. Richard |
| 9 (RLIN) |
105 |
| 942 ## - ADDED ENTRY ELEMENTS (KOHA) |
| Source of classification or shelving scheme |
|
| Koha item type |
Books |
| Edition |
5 |